000 00294nam a2200109Ia 4500
008 220216s9999 xx 000 0 und d
100 _aJoseph Joby
245 0 _aPrakrithidatta rubber kayttirakkumathiyile sameepakaala pravanathakal.1
260 _bRubber
_c2011
300 _a17-19
942 _cBS
999 _c49760
_d49760